| 000 | 00856cam a22002537a 4500 | ||
|---|---|---|---|
| 001 | 000001690 | ||
| 005 | 20200929145650.0 | ||
| 008 | 980520s2003 ck a 000 0 spa | ||
| 020 | _a9580477604 | ||
| 040 |
_aDO-SdBNP _cDLC _dDLC |
||
| 041 | 1 | 7 |
_aeng _hspa _2Código de diomas MARC |
| 082 |
_a658.403 _bH225d |
||
| 100 | 1 |
_aHammond, John S., _d1937- _95493 |
|
| 245 | 1 | 0 |
_aDecisiones inteligentes : _bguía práctica para tomar mejores decisiones / _cJohn S. Hammond, Ralph L. Keeney, Howard Raiffa. |
| 260 |
_aBogotá : _bNorma, _c2003. |
||
| 300 |
_ax, 293 p. ; _c18 cm. |
||
| 500 | _aSmart choices | ||
| 650 | 4 |
_aToma de decisiones _95494 |
|
| 650 | 4 |
_aMarketing _95495 |
|
| 700 | 1 |
_aJorge Cárdenas Nannetti _etr. _95496 |
|
| 700 | 1 |
_aKeeney, Ralph L., _d1944- _95497 |
|
| 700 | 1 |
_aRaiffa, Howard, _d1924- _95498 |
|
| 910 | _aCatalogación por copia / LC | ||
| 999 |
_c1571 _d1571 |
||